| 000 | 01234 a2200229 4500 | ||
|---|---|---|---|
| 001 | 41088 | ||
| 005 | 20260407155704.0 | ||
| 008 | 260407a2009 arg spa d | ||
| 003 | AR-UNSa-BCEJYS | ||
| 040 |
_aAR-UNSa-BCEJYS _bspa _cAR-UNSa-BCEJYS |
||
| 080 |
_a351.824.11 _xServicios públicos (producción de luz, calor, energía mecánica. Industria eléctrica. Industria del gas) |
||
| 245 | 1 | 0 | _aConstitución, servicios públicos y emergencia |
| 020 | _a978-950-894-763-5 | ||
| 264 | 1 |
_aBuenos Aires : _bAD-HOC _c2009 |
|
| 300 |
_a250 p. _c20 cm. |
||
| 505 | _a1. Introducción - 2. ¿Por qué Orestes? - 3. La crisis de la representación social - 4. El caso "Prodelco" y las deudas constitucionales impagas - 5. La emergencia permanente - 6. La dudosa emergencia en los servicios públicos - 7. De cómo la emergencia generó la crisis terminal en la prestación de los servicios públicos - 8. La errática búsqueda de una alternativa - 9. El caso "Massa". Una alternativa - 10. Conclusiones - 11. Colofón | ||
| 041 | _aspa | ||
| 942 | _cBK | ||
| 590 | _aniveau_biblio:m niveau_hierar:0 | ||
| 100 | 1 | _aGalina, Carlos | |
| 856 | 4 | 1 |
_uhttps://biblioeco.unsa.edu.ar/pmb/images/libros/L126355.jpg _yImagen de portada _qimage/jpeg |
| 999 |
_c3356 _d3356 |
||